All Zootopia Characters By Screen Time - Statistics

General Stats
  • This quiz has been taken 33 times
  • The average score is 8 of 21
Answer Stats
% Of Movie Screen Time Answer % Correct
63.57 1:08:58 Judy Hopps
96%
38.07 41:18 Nick Wilde
96%
7.87 8:32 Chief Bogo
79%
5.84 6:20 Dawn Bellwether
57%
3.00 3:15 Flash
57%
3.52 3:49 Mr. Big
54%
5.99 6:30 Gazelle
43%
2.43 2:38 Duke Weaselton
36%
4.92 5:20 Bonnie Hopps
32%
3.79 4:07 Finnick
29%
1.34 1:27 Fru Fru
29%
3.00 3:15 Benjamin Clawhauser
25%
3.13 3:24 Gideon Grey
25%
5.44 5:54 Stu Hopps
25%
1.97 2:08 Mrs. Otterton
21%
2.63 2:51 Yax
18%
1.35 1:28 Doug
11%
2.46 2:40 Manchas
11%
2.09 2:16 Leodore Lionheart
7%
1.06 1:09 Travis
4%
1.26 1:22 Emmitt Otterton
0%
No matching quizzes found
Score Distribution
Percent of People with Each Score
Percentile by Number Answered
Your Score History
You have not taken this quiz